00638ata a2200229 450000500170000000800410001702000150005804100080007304100080008108200250008910000220011424500720013625000160020826000290022430000190025349000120027265000230028465000240030765000310033165000150036265000310037720250818135022.0150518b2008 xxu||||| |||| 00| 0 spa d a8489127336 aESP aING a333.783.097.286 Z95g aZuñiga, Ricardo aGuía de los parques nacionales de Costa Rica=National parks guide a4 edición aCosta RicabIncafoc2008 a224 páginas  aTurismo aPARQUES NACIONALES aRESERVAS DE TIERRAS aREFUGIOS DE VIDA SILVESTRE aCOSTA RICA aÁREAS DE CONSERVACIÓN